Assisting developing countries : Problems of debts, burden-sharing, jobs, and trade

Bewaard in:
Bibliografische gegevens
Formaat: Boek
Taal:Undetermined
Gepubliceerd in: New York Praeger Publishers 1972
Onderwerpen:
Tags: Voeg label toe
Geen labels, Wees de eerste die dit record labelt!
Thư viện lưu trữ: Trung tâm Học liệu Trường Đại học Cần Thơ
LEADER 00555nam a2200193Ia 4500
001 CTU_98701
008 210402s9999 xx 000 0 und d
082 |a 338.91 
082 |b A848 
245 0 |a Assisting developing countries : 
245 0 |b Problems of debts, burden-sharing, jobs, and trade 
245 0 |c Charles R. Frank ... [et al.] 
260 |a New York 
260 |b Praeger Publishers 
260 |c 1972 
650 |a Developing countries 
650 |x Commerce 
904 |i Giang 
980 |a Trung tâm Học liệu Trường Đại học Cần Thơ